000 00475nam a2200181Ia 4500
005 20250326124849.0
008 250326s9999 xx 000 0 und d
037 _aTextbook
040 _aFMSL
_beng
_cFMSL
041 _aeng
_2eng
084 _aX:8D L72
_qFMSL
100 _aLoffel E W
_9737252
245 0 _aFicing your business
_cLoffel E W
260 _aNY
_bNY, David Mckay
_c1977
300 _a110p
942 _cTB
_hX:8D L72
999 _c1275553
_d1275553